000 00731nam a2200229Ia 4500
008 170203s9999 xx 000 0 und d
020 _a0 060733802
050 _a413
050 _bSp735 2004
245 _aCollins Spanish-English, English-Spanish dictionary = Collins diccionario español-inglés, inglés-español. /
250 _a5th edition.
260 _aGlasgow ; New York :
260 _bHarperResource.
260 _c2004
300 _axvii, 1289 pages ;
300 _c24 cm.
650 _aEnglish language--
650 _aSpanish language--
650 _xDictionaries--English.
650 _xDictionaries--Spanish.
700 _aCollins diccionario español-inglés, inglés-español, Parallel Title.
999 _c305975
_d305975